[Event "CAN-ch U14"]
[Site "Vancouver"]
[Date "2012.07.03"]
[Round "1"]
[White "Plotkin, Mark"]
[Black "Sun, Ziyao"]
[Result "1-0"]
[WhiteElo "1976"]
[BlackElo "1251"]
[PlyCount "83"]
[EventDate "2012.07.03"]
[EventType "swiss"]
[EventRounds "7"]
[EventCountry "CAN"]
[SourceTitle "EXT 2022"]
[Source "ChessBase"]
[SourceDate "2021.10.06"]
[SourceVersion "1"]
[SourceVersionDate "2021.10.06"]
[SourceQuality "1"]

1. e4 e6 2. d4 d5 3. Nc3 dxe4 4. Nxe4 Be7 5. Nf3 Nd7 6. Bd3 Ngf6 7. Qe2 Nxe4 8. Bxe4 Nf6 9. Bd3 0-0 10. Be3 b6 11. 0-0-0 Bb7 12. Ne5 Qd5 13. Kb1 Qxg2 14. Rhg1 Qxh2 15. Bg5 h6 16. Bxf6 Bxf6 17. Nd7 Bxd4 18. Qg4 Qxf2 19. Rg3 Rfd8 20. Rf1 Qxf1+ 21. Bxf1 Rxd7 22. Bb5 c6 23. Bd3 f5 24. Qg6 Re7 25. Bc4 Rae8 26. c3 Be5 27. Re3 Bf6 28. Qxf5 Kh8 29. Qg6 e5 30. Bd3 e4 31. Bxe4 Rxe4 32. Rxe4 Rxe4 33. Qxe4 Bg5 34. b4 a5 35. b5 cxb5 36. Qxb7 Be3 37. Qa8+ Kh7 38. Qe4+ g6 39. Qxe3 g5 40. Kc2 g4 41. Kd3 h5 42. Ke4 1-0

[Event "CAN-ch U14"]
[Site "Vancouver"]
[Date "2012.07.03"]
[Round "2"]
[White "Sun, Ziyao"]
[Black "Hewson, Scott"]
[Result "1-0"]
[WhiteElo "1251"]
[BlackElo "825"]
[PlyCount "51"]
[EventDate "2012.07.03"]
[EventType "swiss"]
[EventRounds "7"]
[EventCountry "CAN"]
[SourceTitle "EXT 2022"]
[Source "ChessBase"]
[SourceDate "2021.10.06"]
[SourceVersion "1"]
[SourceVersionDate "2021.10.06"]
[SourceQuality "1"]

1. d4 e6 2. e4 d5 3. e5 f5 4. Nf3 Bb4+ 5. Bd2 Be7 6. Bd3 f4 7. Bxf4 Bb4+ 8. Bd2 Qe7 9. a3 a5 10. axb4 axb4 11. Rxa8 b3 12. Rxb8 Qd8 13. cxb3 c6 14. 0-0 b5 15. Qc2 Bd7 16. Rxd8+ Kxd8 17. Ng5 Nh6 18. Nxh7 Rxh7 19. Bxh7 g5 20. Bxg5+ Kc8 21. Nd2 b4 22. Ra1 Kc7 23. Qc5 Nf5 24. Ra7+ Kc8 25. Qf8+ Be8 26. Qxe8# 1-0